000 00466nam a2200181Ia 4500
001 8393
005 20260306160606.0
008 260306t2002||||xx |||||||||||||| ||spa||
041 _aESP
082 _a370.71
_bS21
100 _aSanjurjo, Liliana
_eAUT
245 0 _aLa formación práctica de los docentes:
_breflexión y acción en el aula
260 _c2002
300 _a155 páginas :
_c22 cm.
650 _aGEN
654 _aCED
942 _cLIB
_dJUS
_fJUS
_2ddc
_n
999 _c8393
_d8393